| 000 | 00532nam a2200193Ia 4500 | ||
|---|---|---|---|
| 003 | LK-CoDNM | ||
| 008 | 010623t1980 xxu||||| |||| 00| 1 eng d | ||
| 040 |
_aLK-CoDNM _dLK-CoDNM _eLK-CoDNM |
||
| 041 | _aeng | ||
| 080 | _a973(1917) COI | ||
| 100 | _aGraff,Henry.F | ||
| 245 | _aThe Life History of the united States.Boom Bust | ||
| 260 |
_bTime life Books _aVirginia _c1980 |
||
| 300 | _b159p., iill,36pl,map, 27 cm | ||
| 650 | _a1917-1932 | ||
| 650 | _aAmerica 625: America | ||
| 700 |
_aMay,Ernest.R _eed. |
||
| 942 | _cBK | ||
| 999 |
_c111237 _d111237 |
||